000 00492nam a2200193Ia 4500
005 20140402151013.0
008 140130s9999 xx 000 0 und d
020 _a0439221889
050 _aPZ 7
_b.C978 1999
100 _aCortes, Christopher Paul
_931261
245 _cChristopher Paul Cortes
_aBud, Not Buddy /
260 _bScholastic,
_c2002.
_aUSA :
300 _a245 p. :
_c19 cm.
440 _v1
_931174
521 _aG8
526 _c950
942 _cBK
_2lcc
999 _c41300
_d41300